| 000 | 00420nam a22001697a 4500 | ||
|---|---|---|---|
| 003 | NUST - PNEC | ||
| 005 | 20170116181036.0 | ||
| 008 | 150903b xxu||||| |||| 00| 0 eng d | ||
| 020 | _a- | ||
| 040 | _cLIBRARY | ||
| 082 | _a621.4022 BEN | ||
| 100 |
_911429 _aBennett, G. O. |
||
| 245 |
_aMomentum, heat, and mass transfer _cG. O. Bennett |
||
| 260 | _c- | ||
| 650 |
_96935 _aFluid mechanics _xEE/ME |
||
| 942 |
_2ddc _cBK |
||
| 999 |
_c67959 _d67959 |
||